| 000 | 01168nac a22002891u 4500 | ||
|---|---|---|---|
| 010 | _a 2004042250 | ||
| 020 | _a047141526X (acid-free paper) | ||
| 082 | 0 | 0 |
_a530.41 _bKIT |
| 090 |
_c8007 _d8007 |
||
| 100 | _aKittel, Charles. | ||
| 245 | 1 | 0 |
_aIntroduction to solid state physics / _cCharles Kittel. |
| 250 | _a8th ed. | ||
| 260 |
_aHoboken, NJ : _bWiley,c2005. _cc2005. |
||
| 300 |
_axix, 680 p. : _bill. ; _c25 cm. |
||
| 500 | _a"Chapter 18, Nanostructures, was written by Professor Paul McEuen ..." | ||
| 500 | _aDistributer: Al-Ahram. | ||
| 504 | _aIncludes bibliographical references and index. | ||
| 511 | _aCatalogued By: Mahitab. | ||
| 650 | 0 | _aSolid state physics. | |
| 856 | 4 | 1 |
_3Table of contents only _uhttp://www.loc.gov/catdir/toc/wiley041/2004042250.html |
| 856 | 4 | 1 |
_3Contributor biographical information _uhttp://www.loc.gov/catdir/enhancements/fy0617/2004042250-b.html |
| 856 | 4 | 1 |
_3Publisher description _uhttp://www.loc.gov/catdir/enhancements/fy0617/2004042250-d.html |
| 942 |
_cBB _k530.41KIT _hRDA-MOD |
||
| 999 |
_c8007 _d8007 |
||
| 336 |
_2rdacontent _atext _btxt |
||
| 337 |
_aunmediated _2rdamedia _bn |
||
| 338 |
_avolume _bnc _2rdacarrier |
||